|
|
|
|
| LEADER |
00000nab a2200000 a 4500 |
| 001 |
vtls000798395 |
| 003 |
SK-MaSNL |
| 005 |
20260426024258.0 |
| 008 |
040806c2002 xo 0 ukr |
| 015 |
|
|
|a SNBRB2002/06-20420
|
| 035 |
|
|
|a CLN000150050
|
| 040 |
|
|
|a SNKBUCL
|b slo
|c SNKBUCL
|e AACR2
|
| 041 |
0 |
|
|a slo
|
| 044 |
|
|
|a xo
|c SK
|
| 080 |
|
|
|a 800.87:808.3(437.6)(084.4)(048)
|2 UDC-MRF-SK2
|
| 080 |
|
|
|a 808.3-087(437.6)(084.4)(048)
|2 UDC-MRF-SK2
|
| 100 |
1 |
|
|a Dacko, Juraj,
|d 1931-
|4 aut
|9 192461
|
| 245 |
1 |
0 |
|a Vže tretij-
|b anotacija
|c Jurij Juras'
|
| 300 |
|
|
|b Fotogr.
|
| 650 |
0 |
7 |
|a rusínčina
|2 snkbucl
|9 51510
|
| 650 |
0 |
7 |
|a ukrajinčina
|2 snkbucl
|9 1347
|
| 650 |
0 |
7 |
|a dialekty
|2 snkbucl
|9 19030
|
| 650 |
0 |
7 |
|a atlasy lingvistické
|2 snkbucl
|9 853995
|
| 651 |
|
7 |
|a Slovensko východné
|2 snkbucl
|9 161134
|
| 655 |
|
7 |
|a recenzie
|2 snkbucl
|9 21907
|
| 773 |
0 |
|
|t Nove žyttja
|g Roč. 52, č. 11-12 (2002), s. 3
|
| 787 |
0 |
8 |
|i Rec.:
|a Hanudeľová, Zuzana, 1929-
|t Linhvistyčnyj atlas ukrajins'kych hovoriv Schidnoji Slovaččyny. III.
|d Prjašiv : EXCO, 2002
|
| 850 |
|
|
|a Slovenská národná knižnica v Martine
|
| 852 |
|
|
|a SNK
|b KIS3GCP
|
| 999 |
|
|
|c 1371580
|d 1373510
|